000 00645cam a22002054a 4500
001 15143597
005 20250429124830.0
008 080116s2008 caua b 000 0 eng
020 _a9781412922623 (6 vol. set)
050 0 0 _aHD30.213
_b.M336 2008
082 0 0 _a658.4/038011
_222
245 0 0 _aMajor currents in information systems /
_c[edited by] Leslie Willcocks, Allen S. Lee.
260 _aLos Angeles :
_bSage,
_c2008.
300 _a6 v. :
_bill. ;
_c25 cm.
650 0 _aManagement information systems.
650 0 _aInformation technology
_xManagement.
700 1 _aWillcocks, Leslie.
700 1 _aLee, Allen S.
942 _2lcc
_cBK
_n0
999 _c5593
_d5593